000 00983nam a2200217 4500
008 020116s1984 miu 0 engta
020 _a0802800114
090 _aBX9623
_bOo1c
240 0 0 _aOomblik van waarheid. English
245 1 0 _aA moment of truth :
_bthe confession of the Dutch Reformed Mission Church /
_cedited by G. D. Cloete and D. J. Smit.
260 _aMichigan :
_bEerdmans,
_cc1984.
300 _ax, 161 p.
504 _aIncludes bibliographical references
610 2 4 _aReformed Church
_xDoctrines
_xAddresses, essays, lectures.
650 4 _aNederduitse Gereformeerde Sendingkerk in Suid-Africa
_xDoctrines
_xAddresses, essays, lectures.
650 4 _aRace relations
_xReligiousa spects
_xNederduitse Gererformeerde Sendingkerk in Suid-Afrika
_xAddresses, essays, lectures.
651 4 _aSouth Africa
_xRace relations
_xAddresses, essays, lectures.
700 1 _aCloete, G. D.
700 1 _aSmit, D. J.
951 _p20514
_oBX9623/Oo1c
_j070613111038500
_d2000-12-21
_cREF
999 _c5648
_d5648